000 00565nam a22001937a 4500
003 0
005 20260116145507.0
008 260116b xxu||||| |||| 00| 0 eng d
020 _a978-1-60219-576-9
050 _aER
_bG46 2018
082 _aER
_bG46 2018
100 _aGamble, Adam
245 _aGood night museums
_cAdam Gamble and Mark Jasper
260 _aReynosa, Mexico :
_bGood Night Books,
_c2018.
300 _a20 unnumbered pages :
_bcolored illustrations ;
_c16 cm.
650 _aBoard books.
650 _aMuseums
_vJuvenile fiction.
942 _2ddc
_cBK
999 _c368727
_d368727